Foundations for architecting data solutions: (Record no. 196930)

MARC details
000 -LEADER
fixed length control field 00810nam a2200241Ia 4500
003 - CONTROL NUMBER IDENTIFIER
control field OSt
005 - DATE AND TIME OF LATEST TRANSACTION
control field 20251104160425.0
008 - FIXED-LENGTH DATA ELEMENTS--GENERAL INFORMATION
fixed length control field 210716s2018 xx 000 0 und d
020 ## - INTERNATIONAL STANDARD BOOK NUMBER
International Standard Book Number 9789352137800
040 ## - CATALOGING SOURCE
Transcribing agency AIMIT LIBRARY
041 ## - LANGUAGE CODE
Language code of text/sound track or separate title eng
082 ## - DEWEY DECIMAL CLASSIFICATION NUMBER
Classification number 005.76
Item number MALT
100 ## - MAIN ENTRY--PERSONAL NAME
Personal name Malaska, Ted.
9 (RLIN) 243857
245 ## - TITLE STATEMENT
Title Foundations for architecting data solutions:
Remainder of title managing successful data projects /
Statement of responsibility, etc. By Ted Malaska and Jonathan Seidman.
250 ## - EDITION STATEMENT
Edition statement 1st ed.
260 ## - PUBLICATION, DISTRIBUTION, ETC.
Place of publication, distribution, etc. New Delhi :
Name of publisher, distributor, etc. Shroff Publishers and Distributors Pvt Ltd ,
Date of publication, distribution, etc. 2018.
300 ## - PHYSICAL DESCRIPTION
Extent xii,173 p.;
Other physical details PB
Dimensions 24 cm.
650 ## - SUBJECT ADDED ENTRY--TOPICAL TERM
Topical term or geographic name entry element Distributed storage system
9 (RLIN) 243858
650 ## - SUBJECT ADDED ENTRY--TOPICAL TERM
Topical term or geographic name entry element Meta of enterprise data
9 (RLIN) 243859
650 ## - SUBJECT ADDED ENTRY--TOPICAL TERM
Topical term or geographic name entry element Data processing
9 (RLIN) 243864
700 ## - ADDED ENTRY--PERSONAL NAME
Personal name Seidman, Jonathan.
9 (RLIN) 243860
942 ## - ADDED ENTRY ELEMENTS (KOHA)
Source of classification or shelving scheme Dewey Decimal Classification
Koha item type Book
Edition 1st
Call number prefix 005.76 MALT
Holdings
Withdrawn status Lost status Damaged status Not for loan Collection code Home library Current library Source of acquisition Cost, normal purchase price Total Checkouts Full call number Barcode Date last seen Cost, replacement price Price effective from Koha item type
        MCA St Aloysius Institute of Management & Information Technology St Aloysius Institute of Management & Information Technology Shroff Publishers 475.00   005.76 MALT MCA16445 05/23/2026 356.25 07/16/2021 Book